Medzinárodné kapitalistické výrobné vzťahy a niektoré otázky vymedzenia miesta a úlohy medzinárodných monopolov v ich systéme kandidátska dizertačná práca

Na minha lista:
Detalhes bibliográficos
Autor principal: Mašláni, Juraj
Autor Corporativo: Vysoká škola ekonomická v Bratislave. Národohospodárska fakulta
Outros Autores: Melišová, Mária
Formato: Livro
Idioma:eslovaco
Publicado em: Bratislava 1987
Tags: Adicionar Tag
Sem tags, seja o primeiro a adicionar uma tag!

MARC

LEADER 00000nam a2200000 4500
001 c034234
005 20230116095117.1
041 0 |a slo 
044 |a SK 
245 1 0 |a Medzinárodné kapitalistické výrobné vzťahy a niektoré otázky vymedzenia miesta a úlohy medzinárodných monopolov v ich systéme  |b kandidátska dizertačná práca  |c Juraj Mašláni ; Ved. práce Mária Melišová 
264 1 |a Bratislava  |c 1987 
300 |a 171 s. 
100 1 |a Mašláni, Juraj 
700 1 |a Melišová, Mária 
710 2 |a Vysoká škola ekonomická v Bratislave. Národohospodárska fakulta